000
00292nam a2200109Ia 4500
008
171211s9999 xx 000 0 und d
245
4
_a
The Art of Business Seduction
245
_c
Mark Jeffries
260
_c
2010
650
_x
BUSINESS
856
_u
http://down.ebook777.com/062/047059618X.pdf
999
_c
349501
_d
349501